000 00422nam a2200181Ia 4500
001 14600
005 20260306164926.0
008 260306t1999||||xx |||||||||||||| ||spa||
041 _aESP
082 _a515.35
_bB61
100 _aBlanchard, Paul
_eAUT
245 0 _aEcuaciones diferenciales
260 _c1999
300 _axv, 732 páginas :
_c25 cm.
650 _aGEN
654 _aCMA
942 _cLIB
_dJUS
_fJUS
_2ddc
_n
999 _c14600
_d14600